Sports Quiz

Random Sports or Country Quiz

Beijing Olympics 2008 Medal Count Quiz Stats

 Plays Quiz not verified by Sporcle

Also try: Home Game Cities
Challenge
Share
Tweet
Embed
Score 0/15 Timer 03:00
0 Plays Today
Total Medals Won Country % Correct
110United States
99.6%
100China
99.2%
47Britain
96.6%
72Russia
95.8%
40France
94.6%
41Germany
92.3%
25Japan
91.6%
46Australia
90.8%
Total Medals Won Country % Correct
18 Canada
89.7%
28Italy
85.8%
18Spain
85.4%
31South Korea
75.5%
27Ukraine
47.9%
24Cuba
29.9%
19Belarus
19.5%

You're not logged in!

Compare scores with friends on all Sporcle quizzes.
OR
Log In

You Might Also Like...

Show Comments

Extras

Top Quizzes Today


Score Distribution

Your Account Isn't Verified!

In order to create a playlist on Sporcle, you need to verify the email address you used during registration. Go to your Sporcle Settings to finish the process.

Report this User

Report this user for behavior that violates our Community Guidelines.

Details: